[Event "Avoine op 22nd"]
[Site "Avoine"]
[Date "2007.07.23"]
[Round "3"]
[White "Sanglan, Philippe"]
[Black "Blivet, Daniel"]
[Result "1-0"]
[WhiteElo "2077"]
[BlackElo "1900"]
[PlyCount "43"]
[EventDate "2007.07.21"]
[EventType "swiss"]
[EventRounds "9"]
[EventCountry "FRA"]
[SourceTitle "EXT 2010"]
[Source "ChessBase"]
[SourceDate "2010.11.25"]
[SourceVersion "1"]
[SourceVersionDate "2010.11.25"]
[SourceQuality "1"]

1. Nf3 Nf6 2. b3 g6 3. Bb2 Bg7 4. e3 d6 5. Be2 b6 6. d3 Bb7 7. Nbd2 Nbd7 8. c4 Rb8 9. Qc2 h5 10. d4 a5 11. Bd3 Nf8 12. 0-0 Qd7 13. e4 h4 14. Rfe1 Nh5 15. e5 Nf4 16. h3 Nxh3+ 17. gxh3 Qxh3 18. Nh2 Bh6 19. Bf1 Qf5 20. Qxf5 gxf5 21. exd6 Ne6 22. Ndf3 1-0

[Event "Avoine op 20th"]
[Site "Avoine"]
[Date "2005.07.25"]
[Round "3"]
[White "Desurmont, Sylvain"]
[Black "Sanglan, Philippe"]
[Result "0-1"]
[WhiteElo "1990"]
[BlackElo "2116"]
[PlyCount "60"]
[EventDate "2005.07.23"]
[EventType "swiss"]
[EventRounds "9"]
[EventCountry "FRA"]
[SourceTitle "EXT 2007"]
[Source "ChessBase"]
[SourceDate "2006.11.23"]
[SourceVersion "1"]
[SourceVersionDate "2006.11.23"]
[SourceQuality "1"]

1. d4 Nf6 2. e3 d6 3. Bc4 c6 4. Nc3 Nbd7 5. Nf3 Qc7 6. 0-0 e5 7. dxe5 Nxe5 8. Nxe5 dxe5 9. e4 Be7 10. Be3 0-0 11. Qe2 b5 12. Bd3 a6 13. f4 Ng4 14. Bd2 Bc5+ 15. Kh1 exf4 16. Bxf4 Ne5 17. Nd1 Qe7 18. Ne3 Bb7 19. Ng4 Nxd3 20. cxd3 Rad8 21. Qf3 Bd4 22. Rab1 c5 23. Qg3 Kh8 24. b3 f6 25. Ne3 g6 26. Nc2 Bc3 27. Rbd1 Rd7 28. e5 fxe5 29. Bxe5+ Bxe5 30. Rxf8+ Kg7 0-1

[Event "Bethune op 21st"]
[Site "Bethune"]
[Date "2000.??.??"]
[Round "7"]
[White "Manet, Eric"]
[Black "Sanglan, Philippe"]
[Result "0-1"]
[WhiteElo "1990"]
[BlackElo "2225"]
[PlyCount "66"]
[EventDate "2000.12.26"]
[EventType "swiss"]
[EventRounds "7"]
[EventCountry "FRA"]
[SourceTitle "EXT 2003"]
[Source "ChessBase"]
[SourceDate "2002.11.25"]
[SourceVersion "1"]
[SourceVersionDate "2002.11.25"]
[SourceQuality "1"]

1. e4 Nf6 2. e5 Nd5 3. d4 d6 4. Bc4 Nb6 5. Bb3 Bf5 6. Qf3 e6 7. Qxb7 d5 8. Ba4+ Nxa4 9. Qxa8 a6 10. Nf3 Qc8 11. c4 Nb6 12. Qxb8 Qxb8 13. c5 Nd7 14. 0-0 Be7 15. b3 0-0 16. Be3 f6 17. exf6 Bxf6 18. Nbd2 c6 19. Rfe1 e5 20. dxe5 Nxe5 21. Bd4 Re8 22. h3 Bg6 23. Nxe5 Bxe5 24. Nf3 Bxd4 25. Nxd4 Rxe1+ 26. Rxe1 Qb4 27. Rd1 Qxc5 28. g3 Qd6 29. Re1 c5 30. Nf3 d4 31. Nd2 Qd5 32. Kh2 Qf5 33. Kg2 Qc2 0-1

[Event "Bethune op 21st"]
[Site "Bethune"]
[Date "2000.??.??"]
[Round "5"]
[White "Sorel, Pascal"]
[Black "Sanglan, Philippe"]
[Result "0-1"]
[WhiteElo "1740"]
[BlackElo "2225"]
[PlyCount "70"]
[EventDate "2000.12.26"]
[EventType "swiss"]
[EventRounds "7"]
[EventCountry "FRA"]
[SourceTitle "EXT 2003"]
[Source "ChessBase"]
[SourceDate "2002.11.25"]
[SourceVersion "1"]
[SourceVersionDate "2002.11.25"]
[SourceQuality "1"]

1. c4 Nf6 2. Nc3 d6 3. g3 Nbd7 4. Bg2 e5 5. d3 Be7 6. Nf3 0-0 7. 0-0 a5 8. Bd2 Ne8 9. Nd5 c6 10. Nxe7+ Qxe7 11. a3 f5 12. b4 axb4 13. axb4 Rxa1 14. Qxa1 Nc7 15. Qa5 Nf6 16. Qa2 Kh8 17. Qb2 h6 18. c5 Re8 19. cxd6 Qxd6 20. Bc3 e4 21. dxe4 fxe4 22. Ne5 Qe6 23. Ng6+ Kh7 24. Nf4 Qe7 25. e3 Ncd5 26. Bxf6 Nxf6 27. Rd1 g5 28. Ne2 Bg4 29. Bf1 Nd5 30. Rd4 Qf7 31. Nc1 Bf3 32. Qd2 Re5 33. Na2 Qh5 34. Nc3 g4 35. Nxd5 Qxh2+ 0-1

[Event "FRA-ch op-A"]
[Site "Besancon"]
[Date "1999.08.21"]
[Round "5"]
[White "Brunner, Nicolas"]
[Black "Sanglan, Philippe"]
[Result "1-0"]
[WhiteElo "2013"]
[BlackElo "2100"]
[PlyCount "45"]
[EventDate "1999.08.17"]
[EventType "swiss"]
[EventRounds "9"]
[EventCountry "FRA"]
[SourceTitle "EXT 2021"]
[Source "ChessBase"]
[SourceDate "2020.10.23"]
[SourceVersion "1"]
[SourceVersionDate "2020.10.23"]
[SourceQuality "1"]

1. c4 Nf6 2. d4 c5 3. d5 e6 4. Nc3 exd5 5. cxd5 d6 6. Nf3 g6 7. h3 a6 8. a4 Qe7 9. Bf4 Bg7 10. Nd2 0-0 11. Nc4 Ne4 12. Nxe4 Qxe4 13. e3 Bf5 14. f3 Qc2 15. Qxc2 Bxc2 16. e4 Nd7 17. Kd2 Bxa4 18. Rxa4 b5 19. Ra2 bxc4 20. Bxd6 Rfd8 21. Kc2 Bd4 22. Bg3 Ra7 23. Bxc4 1-0